000 00876nam a2200253Ia 4500
003 OSt
005 20220923212629.0
006 a|||||r|||| 00| 0
007 ta
008 220922b |||||||| |||| 00| 0 hin d
024 _a154,686
037 _cTextual
040 _aARTS
_cARTS
_bhin
041 _2hin
_ahin
082 _aO152,1:g, J4
100 _aवर्मा, रवीन्द्र सहाय
245 0 _aहिन्दी काव्य पर ऑंग्ल प्रभाव
246 _aHindī kāvya par ऑangla prabhāva
260 _aकानपुर
_b पद्म प्र्रकाशन
_c1954
300 _a295 पृ.
_ccm.
650 _aहिन्दी साहित्य
_9156264
942 _hO152,1:g, J4
_cTEXL
_2CC
999 _c310308
_d310308